Aspects of socio-cultural trends in Mughal India from 1526-1707 /
Saved in:
| Main Author: | |
|---|---|
| Format: | Thesis Book |
| Language: | English |
| Subjects: | |
| Tags: |
Add Tag
No Tags, Be the first to tag this record!
|
| LEADER | 01419nam a2200289 i 4500 | ||
|---|---|---|---|
| 005 | 20230412115129.0 | ||
| 008 | 221121s2008 ii a g m 000 0 eng d | ||
| 040 | |a UIAM |b eng |e rda | ||
| 050 | 4 | |a D | |
| 100 | 1 | |a Ghani, Md. Rehan, |e author |9 21643 | |
| 245 | 1 | 0 | |a Aspects of socio-cultural trends in Mughal India from 1526-1707 / |c by Md. Rehan Ghani ; under the supervision of Prof. Tariq Ahmed |
| 264 | |a Aligarh, India : |b Centre of Advanced Study, Department of History, Aligarh Muslim University, |c 2008 | ||
| 300 | |a vi, 253 leaves : |b illustrations, photographs ; |c 30 cm. | ||
| 336 | |a text |2 rdacontent | ||
| 337 | |a unmediated |2 rdamedia | ||
| 338 | |a volume |2 rdacarrier | ||
| 500 | |a Abstract of the thesis is supplement. | ||
| 500 | |a "Thesis submitted for the award of the Degree of Doctor of Philosophy in History."--On title page. | ||
| 500 | |a Includes glossary. | ||
| 502 | |a Thesis (Ph.D) -- Aligarh Muslim University Aligarh (India), 2008. | ||
| 504 | |a Includes bibliographical references (leaves 237 - 253). | ||
| 655 | 7 | |a Theses, non-IIUM |9 5559 | |
| 900 | |a prelim-sm-skar-skh to rose | ||
| 942 | |2 lcc |c THESIS |n 0 | ||
| 999 | |c 505481 |d 536898 | ||
| 952 | |0 0 |1 0 |2 lcc |4 0 |7 7 |8 NONIIUMTHESIS |9 987249 |a IIUM |b IIUM |c THESIS |d 2022-10-31 |p 11100439683 |r 2022-10-31 |w 2022-10-31 |y THESIS | ||
| 952 | |0 0 |1 0 |2 lcc |4 0 |7 7 |8 NONIIUMTHESIS |9 987250 |a IIUM |b IIUM |c THESIS |d 2022-10-31 |p 11100439684 |r 2022-10-31 |w 2022-10-31 |y MONOACCOMP | ||
